| 000 | 00352nam a2200133Ia 4500 | ||
|---|---|---|---|
| 008 | 240624s9999 xx 000 0 und d | ||
| 041 | _aeng | ||
| 082 | _a650.01 CHA | ||
| 100 | _aCHAUHAN AJAY KUMAR | ||
| 245 | _aRESEARCH ANALYTICS A PRACTICAL APPROACH | ||
| 260 |
_c2015 _aNew Delhi _bWiley |
||
| 300 | _axvii, : 329 : p. : cm. ; 25 | ||
| 365 |
_cRS _b33 |
||
| 999 |
_c25571 _d25571 |
||